Forecasting je ako predpovedanie počasia

Malí podnikatelia najviac senzitívni na výkyvy okolitého prostredia. Význam plánu, jedinečného smerovania. Plánovanie výnosov z predaja služieb, tovaru a plánovanie nákladov. Mesačné porovnanie hospodárenia podniku s plánom a analýza odchýlok. Zavedenie predpovede, predikcie, forecastingu tržieb. Zá...

ver descrição completa

Na minha lista:
Detalhes bibliográficos
Autor principal: Beneš, Radim
Formato: Capítulo de Livro
Idioma:eslovaco
Assuntos:
Tags: Adicionar Tag
Sem tags, seja o primeiro a adicionar uma tag!

MARC

LEADER 00000naa$a2200000$$$4500
001 0254649
005 20190607133547.9
041 0 |a slo 
044 |a SK 
245 1 0 |a Forecasting je ako predpovedanie počasia  |c Radim Beneš 
520 |a Malí podnikatelia najviac senzitívni na výkyvy okolitého prostredia. Význam plánu, jedinečného smerovania. Plánovanie výnosov z predaja služieb, tovaru a plánovanie nákladov. Mesačné porovnanie hospodárenia podniku s plánom a analýza odchýlok. Zavedenie predpovede, predikcie, forecastingu tržieb. Základná podmienka pre predpovedanie tržieb. 
610 2 0 |a hotely 
610 2 0 |a penzióny 
610 2 0 |a zariadenia ubytovacie 
610 2 0 |a plánovanie 
610 2 0 |a analýzy 
610 2 0 |a tržby 
610 2 0 |a prognózy 
610 2 0 |a odhady 
100 1 |a Beneš, Radim